नयी हिंदुस्थानी दुसरी किताब (Record no. 1003932)

MARC details
000 -LEADER
fixed length control field 00670nam a2200181Ia 4500
008 - FIXED-LENGTH DATA ELEMENTS--GENERAL INFORMATION
fixed length control field 151018s9999 xx 000 0 und d
082 ## - DEWEY DECIMAL CLASSIFICATION NUMBER
Item number RBASDV1503
Classification number 391.434
100 ## - MAIN ENTRY--PERSONAL NAME
Personal name जगदीश जैन
245 ## - TITLE STATEMENT
Title नयी हिंदुस्थानी दुसरी किताब
250 ## - EDITION STATEMENT
Remainder of edition statement 1
260 ## - PUBLICATION, DISTRIBUTION, ETC. (IMPRINT)
Name of publisher, distributor, etc ओरीयंट लॉगमन लि
300 ## - PHYSICAL DESCRIPTION
Extent 104
600 ## - SUBJECT ADDED ENTRY--PERSONAL NAME
Personal name जगदीश जैन
630 ## - SUBJECT ADDED ENTRY--UNIFORM TITLE
Uniform title नयी हिंदुस्थानी दुसरी किताब
700 ## - ADDED ENTRY--PERSONAL NAME
Personal name जगदीश जैन
730 ## - ADDED ENTRY--UNIFORM TITLE
Uniform title नयी हिंदुस्थानी दुसरी किताब
942 ## - ADDED ENTRY ELEMENTS (KOHA)
Koha item type Book
Holdings
Withdrawn status Lost status Damaged status Not for loan Home library Current library Date acquired Cost, normal purchase price Total Checkouts Full call number Barcode Date last seen Cost, replacement price Price effective from Koha item type
        R.B. Anant Shivaji Desai Vachanalaya and Granthalaya, Kudal R.B. Anant Shivaji Desai Vachanalaya and Granthalaya, Kudal 07/16/1961 7.00   RBASDV1503 RBASDV1503 10/18/2015 7.00 10/18/2015 Book